000
00314nam a22001457a 4500
020
_a
0-14-038478-2
082
_a
823
_b
CAS/M
100
_a
CASTOR, HARIET
245
_a
MILLY'S GOLDEN GOAL
260
_a
LONDON
_b
PUFFIN BOOKS
_c
1998
300
_a
81
520
_a
SHORT STORY
650
_a
SHORT STORY
942
_c
BK
999
_c
5815
_d
5815